Moluscos de la Ria de Vigo

Guardat en:
Dades bibliogràfiques
Autor principal: Rolan Mosquera, Emilio (Autor)
Format: Llibre
Idioma:espanyol
Publicat: Santiago de Compostela Universidade de Santiago de Compostela 1980
Matèries:
Etiquetes: Afegir etiqueta
Sense etiquetes, Sigues el primer a etiquetar aquest registre!

MARC

LEADER 00000nam a2200000 a 4500
001 UCV5292
003 CL-VaPUC
008 921015e19800000SP |||||||||||||||||spa|d
082 0 4 |a 594.0094  |b ROL  |2 21 
100 0 |a Rolan Mosquera, Emilio  |e author  |9 299617 
245 1 0 |a Moluscos de la Ria de Vigo 
300 |a v 
942 |c BK 
945 |d 19921015 00:00:00 
260 |a Santiago de Compostela  |b Universidade de Santiago de Compostela  |c 1980 
650 0 |a Moluscos  |9 261245 
650 7 |a GASTEROPODOS  |2 CL-VaPUC  |9 262003 
583 |a last modification  |c 20120511 10:24:14  |k Rodrigo Vera 
999 |c 211859  |d 211857 
952 |0 0  |1 0  |2 ddc  |4 0  |6 594_009400000000000_ROL_1980  |7 0  |8 CCM  |9 191863  |a BIBCUR  |b BIBCUR  |c PAC  |d 2019-11-14  |h v.1  |i 259384K  |o 594.0094 ROL 1980  |p 259384K  |r 2025-04-22  |w 2019-11-14  |y BK  |k CIM